[Event "ESP-ch U18 Rapid"]
[Site "Salobrena"]
[Date "2022.08.07"]
[Round "8"]
[White "Guillermo Gonzalez, Alvaro"]
[Black "Movsisyan, Tigran"]
[Result "1-0"]
[WhiteElo "1909"]
[BlackElo "1561"]
[PlyCount "75"]
[EventDate "2022.08.06"]
[EventType "swiss (rapid)"]
[EventRounds "9"]
[EventCountry "ESP"]
[SourceTitle "EXT 2023"]
[Source "ChessBase"]
[SourceDate "2022.10.05"]
[SourceVersion "1"]
[SourceVersionDate "2022.10.05"]
[SourceQuality "1"]

1. a3 Nf6 2. b4 g6 3. Bb2 Bg7 4. e3 d6 5. Nf3 0-0 6. Be2 e5 7. 0-0 a5 8. d3 Nc6 9. b5 Ne7 10. c4 Nf5 11. c5 e4 12. dxe4 Nxe4 13. Bxg7 Nxg7 14. c6 bxc6 15. bxc6 Ba6 16. Nd4 Bxe2 17. Qxe2 Ne6 18. Nd2 N4c5 19. Rac1 Qe8 20. Qf3 Ra6 21. N2b3 a4 22. Nxc5 Nxc5 23. Rb1 Qe5 24. Rfc1 Rd8 25. g3 Ne6 26. Nxe6 fxe6 27. Rb7 Rc8 28. Kg2 g5 29. h3 Rf8 30. Qg4 Rf7 31. h4 Rg7 32. Rb8+ Kf7 33. Qh5+ Rg6 34. Qxh7+ Rg7 35. Qh5+ Rg6 36. hxg5 Kg7 37. Qh8+ Kf7 38. Qf8# 1-0

[Event "ESP-ch U18 Rapid"]
[Site "Salobrena"]
[Date "2022.08.06"]
[Round "4"]
[White "Labiano Hernandez, Juan"]
[Black "Movsisyan, Tigran"]
[Result "1-0"]
[WhiteElo "1775"]
[BlackElo "1561"]
[PlyCount "45"]
[EventDate "2022.08.06"]
[EventType "swiss (rapid)"]
[EventRounds "9"]
[EventCountry "ESP"]
[SourceTitle "EXT 2023"]
[Source "ChessBase"]
[SourceDate "2022.10.05"]
[SourceVersion "1"]
[SourceVersionDate "2022.10.05"]
[SourceQuality "1"]

1. e4 c5 2. Nf3 Nc6 3. Bb5 g6 4. Bxc6 dxc6 5. d3 Bg7 6. h3 e5 7. Be3 b6 8. Nc3 Ne7 9. Qd2 0-0 10. Bh6 Be6 11. Bxg7 Kxg7 12. Nxe5 b5 13. 0-0 f5 14. exf5 Bxf5 15. Rae1 c4 16. Qe3 cxd3 17. Nxd3 Rf7 18. Ne5 Rf6 19. Ng4 Bxg4 20. Qxe7+ Qxe7 21. Rxe7+ Kf8 22. Rxh7 Bf5 23. Rh8+ 1-0

[Event "ESP-ch U18 Rapid"]
[Site "Salobrena"]
[Date "2022.08.06"]
[Round "3"]
[White "Movsisyan, Tigran"]
[Black "Briand Rosas, Clara Helena"]
[Result "1/2-1/2"]
[WhiteElo "1561"]
[BlackElo "1731"]
[PlyCount "195"]
[EventDate "2022.08.06"]
[EventType "swiss (rapid)"]
[EventRounds "9"]
[EventCountry "ESP"]
[SourceTitle "EXT 2023"]
[Source "ChessBase"]
[SourceDate "2022.10.05"]
[SourceVersion "1"]
[SourceVersionDate "2022.10.05"]
[SourceQuality "1"]

1. e4 e5 2. Nf3 Nc6 3. d4 exd4 4. Nxd4 Nf6 5. Nc3 Bb4 6. Nxc6 bxc6 7. Bd3 0-0 8. 0-0 d5 9. exd5 cxd5 10. h3 c6 11. Qf3 h6 12. Bf4 Be6 13. Rad1 Qa5 14. Ne2 Be7 15. Nd4 Bd7 16. a3 c5 17. Nf5 Bxf5 18. Bxf5 Rfe8 19. Rfe1 Rad8 20. Be5 d4 21. Bd3 Nd7 22. Bf4 Bf6 23. Re4 Nf8 24. Rde1 Qxe1+ 25. Rxe1 Rxe1+ 26. Kh2 Re6 27. Bc4 Re7 28. Bxh6 Ng6 29. Bd2 Be5+ 30. Kg1 Bf6 31. g3 Ne5 32. Qb3 Nxc4 33. Qxc4 Re5 34. Bf4 Red5 35. Qd3 R5d7 36. g4 g6 37. Bg3 Rc8 38. b3 Re8 39. h4 Bg7 40. h5 gxh5 41. gxh5 Rd5 42. Qf3 Rg5 43. Kf1 Be5 44. Bh4 Rg7 45. Qf5 Bh2 46. Bg5 Re5 47. Qc8+ Kh7 48. f4 Rd5 49. h6 Rg8 50. Qb7 Rf5 51. Qd7 Rgxg5 52. Ke2 Rxf4 53. Kd3 Rg3+ 54. Kc4 d3+ 55. Kb5 dxc2 56. Qd2 Rxb3+ 57. Kxc5 Rf5+ 58. Kc6 Bf4 59. Qxc2 Rbb5 60. Qg2 Rbc5+ 61. Kb7 Rc7+ 62. Ka6 Bxh6 63. Qe4 Rcc5 64. Kxa7 Kg7 65. Qd4+ Kg6 66. a4 Ra5+ 67. Kb6 Bf8 68. Qg4+ Kf6 69. Qh4+ Ke6 70. Qc4+ Rfd5 71. Qc8+ Ke7 72. Qc7+ Kf6 73. Qf4+ Kg7 74. Qg4+ Kh7 75. Qh4+ Bh6 76. Qe4+ Rf5 77. Qe7 Bg5 78. Qe4 Bf4 79. Qh1+ Kg7 80. Qg2+ Rg5 81. Qe4 Bg3 82. Qd4+ Be5 83. Qe4 Bf6 84. Qd3 Rad5 85. Qe4 Bd4+ 86. Kb7 Rd6 87. Qf4 Rgg6 88. a5 Ra6 89. Qxd4+ Kh7 90. Qh4+ Kg8 91. Qd8+ Kg7 92. Qd4+ Kh7 93. Qh4+ Kg7 94. Qf2 Rxa5 95. Qd4+ Kh7 96. Qh4+ Rh6 97. Qe4+ Rg6 98. Qh4+ 1/2-1/2

[Event "ESP-ch U18"]
[Site "Salobrena"]
[Date "2022.08.01"]
[Round "2"]
[White "Movsisyan, Tigran"]
[Black "Cuellar Montes, Alejandro"]
[Result "0-1"]
[WhiteElo "1899"]
[BlackElo "2125"]
[PlyCount "56"]
[EventDate "2022.08.01"]
[EventType "swiss"]
[EventRounds "9"]
[EventCountry "ESP"]
[SourceTitle "EXT 2023"]
[Source "ChessBase"]
[SourceDate "2022.10.05"]
[SourceVersion "1"]
[SourceVersionDate "2022.10.05"]
[SourceQuality "1"]

1. e4 e5 2. Nf3 Nc6 3. d4 exd4 4. Nxd4 Bc5 5. Nb3 Bb6 6. Nc3 Nf6 7. Qe2 a5 8. a4 0-0 9. Bg5 h6 10. Bh4 Nd4 11. Qd3 Nxb3 12. cxb3 c6 13. 0-0-0 d5 14. exd5 cxd5 15. Kb1 Be6 16. f4 Qc8 17. Ka2 Ng4 18. Rd2 Ne3 19. Be7 Re8 20. Qb5 d4 21. Ne4 Rxe7 22. Qxb6 Nd5 23. Qxd4 Nb4+ 24. Kb1 Bf5 25. Bd3 Nxd3 26. Rxd3 Bxe4 27. Ka2 Bxd3 28. Qxd3 Qd7 0-1

[Event "Sueca op 6th"]
[Site "Sueca"]
[Date "2022.07.31"]
[Round "9"]
[White "Mancebo Ibanez, Fernando"]
[Black "Movsisyan, Tigran"]
[Result "1/2-1/2"]
[WhiteElo "2070"]
[BlackElo "1899"]
[PlyCount "56"]
[EventDate "2022.07.25"]
[EventType "swiss"]
[EventRounds "9"]
[EventCountry "ESP"]
[SourceTitle "CBM 209 Extra"]
[Source "ChessBase"]
[SourceDate "2022.09.30"]
[SourceVersion "1"]
[SourceVersionDate "2022.09.30"]
[SourceQuality "1"]

1. d4 Nf6 2. Nf3 g6 3. g3 Bg7 4. Bg2 0-0 5. 0-0 d6 6. c4 Nbd7 7. Nc3 c6 8. e4 e5 9. h3 exd4 10. Nxd4 Re8 11. Nb3 Ne5 12. c5 dxc5 13. f4 Nd3 14. e5 Nh5 15. g4 c4 16. gxh5 cxb3 17. Be3 bxa2 18. Ne4 Nxb2 19. Qc1 Qd3 20. Nd6 Be6 21. Be4 Qb3 22. Bc2 Qc3 23. Ne4 Qa3 24. Bc5 Qxh3 25. Qxb2 Qg4+ 26. Kh1 Qh3+ 27. Kg1 Qg4+ 28. Kh1 Qh3+ 1/2-1/2

[Event "Sueca op 6th"]
[Site "Sueca"]
[Date "2022.07.30"]
[Round "7"]
[White "Montalban Galvez, Antonio"]
[Black "Movsisyan, Tigran"]
[Result "1-0"]
[WhiteElo "2197"]
[BlackElo "1899"]
[PlyCount "88"]
[EventDate "2022.07.25"]
[EventType "swiss"]
[EventRounds "9"]
[EventCountry "ESP"]
[SourceTitle "CBM 209 Extra"]
[Source "ChessBase"]
[SourceDate "2022.09.30"]
[SourceVersion "1"]
[SourceVersionDate "2022.09.30"]
[SourceQuality "1"]

1. Nf3 Nf6 2. c4 g6 3. g3 Bg7 4. Bg2 0-0 5. 0-0 d6 6. d4 Nbd7 7. Qc2 a5 8. Rd1 c6 9. Nc3 Qc7 10. e4 e5 11. h3 Re8 12. c5 exd4 13. cxd6 Qxd6 14. Nxd4 Qe7 15. b3 Nb6 16. a4 Be6 17. Ba3 Qc7 18. Ncb5 Qb8 19. Bd6 Qc8 20. Nc7 Bxh3 21. Nxe8 Nxe8 22. Ba3 Qg4 23. Rac1 Nd7 24. Nf3 Nef6 25. Qc4 Nh5 26. Bxh3 Qxf3 27. Rxd7 Nxg3 28. Bg2 Ne2+ 29. Kf1 Ng3+ 30. Ke1 Qf4 31. Qxf7+ Qxf7 32. Rxf7 Kxf7 33. fxg3 Rd8 34. Rd1 Bd4 35. Ke2 Ke6 36. Bb2 c5 37. Bxd4 cxd4 38. Kd3 Rd6 39. Rc1 Rb6 40. Kxd4 Rxb3 41. Bh3+ Ke7 42. Rc7+ Kd8 43. Rd7+ Ke8 44. Rxh7 Rxg3 1-0

[Event "Sueca op 6th"]
[Site "Sueca"]
[Date "2022.07.26"]
[Round "2"]
[White "Deruelle Sala, Albert"]
[Black "Movsisyan, Tigran"]
[Result "1-0"]
[WhiteElo "2171"]
[BlackElo "1899"]
[PlyCount "71"]
[EventDate "2022.07.25"]
[EventType "swiss"]
[EventRounds "9"]
[EventCountry "ESP"]
[SourceTitle "CBM 209 Extra"]
[Source "ChessBase"]
[SourceDate "2022.09.30"]
[SourceVersion "1"]
[SourceVersionDate "2022.09.30"]
[SourceQuality "1"]

1. d4 Nf6 2. c4 g6 3. Nc3 Bg7 4. e4 d6 5. Nf3 0-0 6. Be2 e5 7. d5 Nbd7 8. Be3 Ng4 9. Bg5 f6 10. Bh4 g5 11. Bg3 h5 12. h4 f5 13. exf5 Nc5 14. f6 Qxf6 15. hxg5 Qg6 16. Qd2 e4 17. Nh4 Qe8 18. 0-0 Bf5 19. Nxf5 Rxf5 20. Rae1 a5 21. f3 h4 22. Bxh4 Qh5 23. fxg4 Rxf1+ 24. Bxf1 Qxh4 25. Nxe4 Nxe4 26. Rxe4 Be5 27. g3 Qxg3+ 28. Qg2 Qh4 29. Qh3 Qxg5 30. Qh5 Qg7 31. g5 Rf8 32. Bh3 Rf4 33. Rxf4 Bxf4 34. Qe8+ Qf8 35. Qg6+ Qg7 36. Be6+ 1-0

[Event "Mislata op 54th"]
[Site "Mislata"]
[Date "2021.08.22"]
[Round "9"]
[White "Movsisyan, Tigran"]
[Black "Gonzalez Santamartina, Jorge"]
[Result "1-0"]
[WhiteElo "1882"]
[BlackElo "2130"]
[PlyCount "77"]
[EventDate "2021.08.16"]
[EventType "swiss"]
[EventRounds "9"]
[EventCountry "ESP"]
[SourceTitle "CBM 203 Extra"]
[Source "ChessBase"]
[SourceDate "2021.09.30"]
[SourceVersion "1"]
[SourceVersionDate "2021.09.30"]
[SourceQuality "1"]

1. e4 e5 2. Nf3 Nc6 3. d4 exd4 4. Nxd4 Nf6 5. Nc3 Bb4 6. Nxc6 bxc6 7. Bd3 d5 8. exd5 cxd5 9. 0-0 0-0 10. h3 c6 11. Qf3 Rb8 12. Bf4 Bd6 13. b3 Be6 14. Ne2 c5 15. Rad1 Re8 16. Rfe1 Bxf4 17. Nxf4 Qa5 18. a4 c4 19. Bf1 cxb3 20. cxb3 Ne4 21. Bb5 Red8 22. Re3 Rd6 23. Nxe6 fxe6 24. Qe2 Qd8 25. Bd3 Nc5 26. Bc2 d4 27. Bxh7+ Kxh7 28. Qh5+ Kg8 29. Qxc5 Rc8 30. Qe5 dxe3 31. Rxd6 Rc1+ 32. Kh2 Qxd6 33. Qxd6 exf2 34. Qxe6+ Kh8 35. Qe8+ Kh7 36. Qe4+ Kg8 37. Qd5+ Kh8 38. Qd8+ Kh7 39. Qh4+ 1-0

[Event "Mislata op 54th"]
[Site "Mislata"]
[Date "2021.08.17"]
[Round "2"]
[White "Movsisyan, Tigran"]
[Black "Moreno Ibanez, Miguel"]
[Result "0-1"]
[WhiteElo "1882"]
[BlackElo "2259"]
[PlyCount "58"]
[EventDate "2021.08.16"]
[EventType "swiss"]
[EventRounds "9"]
[EventCountry "ESP"]
[SourceTitle "CBM 203 Extra"]
[Source "ChessBase"]
[SourceDate "2021.09.30"]
[SourceVersion "1"]
[SourceVersionDate "2021.09.30"]
[SourceQuality "1"]

1. e4 d6 2. d4 g6 3. c4 Bg7 4. Nc3 Nc6 5. Be3 a6 6. d5 Nb8 7. Be2 Nf6 8. h3 0-0 9. g4 e6 10. Nf3 exd5 11. exd5 Re8 12. Qd2 c5 13. 0-0 h5 14. g5 Ne4 15. Nxe4 Rxe4 16. Bd3 Re7 17. Kh2 b5 18. Rae1 bxc4 19. Bxc4 Re4 20. Bd3 Rb4 21. Bf4 Bb7 22. Bb1 Rxb2 23. Qe3 Nd7 24. Bxd6 Nb6 25. Bxc5 Nxd5 26. Qd3 Qc7+ 27. Kg1 Qxc5 28. Nh4 Nf4 29. Qd7 Qxg5+ 0-1

[Event "ESP-ch U16"]
[Site "Salobrena"]
[Date "2021.07.23"]
[Round "8"]
[White "Diaz Reyes, Franklin"]
[Black "Movsisyan, Tigran"]
[Result "1-0"]
[WhiteElo "1793"]
[BlackElo "1943"]
[PlyCount "70"]
[EventDate "2021.07.19"]
[EventType "swiss"]
[EventRounds "9"]
[EventCountry "ESP"]
[SourceTitle "EXT 2022"]
[Source "ChessBase"]
[SourceDate "2021.10.06"]
[SourceVersion "1"]
[SourceVersionDate "2021.10.06"]
[SourceQuality "1"]

1. e4 c5 2. Nf3 Nc6 3. d4 cxd4 4. Nxd4 Nf6 5. Nc3 e5 6. Ndb5 d6 7. Bg5 a6 8. Na3 b5 9. Nd5 Be7 10. Bxf6 Bxf6 11. c4 b4 12. Nc2 0-0 13. Be2 a5 14. 0-0 Bg5 15. Qd3 Kh8 16. Rad1 f5 17. Bf3 f4 18. Qe2 Rb8 19. b3 Bh6 20. Bg4 g6 21. h3 Bg7 22. Bxc8 f3 23. gxf3 Qxc8 24. Kh2 Rb7 25. Rg1 Rbf7 26. Rg3 Bh6 27. Kg2 Bf4 28. Nxf4 exf4 29. Rg5 Qd8 30. Rgd5 Ne5 31. Rxe5 dxe5 32. Rxd8 Rxd8 33. Qe1 Rd3 34. Nxb4 axb4 35. Qxb4 Rfd7 1-0

[Event "ESP-ch U16"]
[Site "Salobrena"]
[Date "2021.07.22"]
[Round "6"]
[White "Tadevosyan, Aspet"]
[Black "Movsisyan, Tigran"]
[Result "1-0"]
[WhiteElo "2250"]
[BlackElo "1943"]
[PlyCount "21"]
[EventDate "2021.07.19"]
[EventType "swiss"]
[EventRounds "9"]
[EventCountry "ESP"]
[SourceTitle "EXT 2022"]
[Source "ChessBase"]
[SourceDate "2021.10.06"]
[SourceVersion "1"]
[SourceVersionDate "2021.10.06"]
[SourceQuality "1"]

1. d4 Nf6 2. c4 c5 3. d5 b5 4. cxb5 a6 5. bxa6 g6 6. Nc3 Bg7 7. e4 0-0 8. Bc4 Qa5 9. a7 Nxe4 10. axb8Q Rxb8 11. Nge2 1-0

[Event "Figueira da Foz op 14th"]
[Site "Figueira da Foz"]
[Date "2020.10.27"]
[Round "5"]
[White "Movsisyan, Tigran"]
[Black "Torres Dominguez, David"]
[Result "0-1"]
[WhiteElo "1730"]
[BlackElo "2029"]
[PlyCount "58"]
[EventDate "2020.10.24"]
[EventType "swiss"]
[EventRounds "9"]
[EventCountry "POR"]
[SourceTitle "CBM 199 Extra"]
[Source "ChessBase"]
[SourceDate "2021.01.31"]
[SourceVersion "1"]
[SourceVersionDate "2021.01.31"]
[SourceQuality "1"]

1. e4 e5 2. Nf3 d6 3. d4 exd4 4. Nxd4 Nf6 5. Nc3 Be7 6. h3 0-0 7. Bd3 c6 8. 0-0 d5 9. exd5 Nxd5 10. Nxd5 Qxd5 11. Bf4 Bf6 12. Nb5 Na6 13. c4 Qd8 14. Nd6 Bxb2 15. Rb1 Qf6 16. Qf3 Nc5 17. Bxh7+ Kxh7 18. Qh5+ Kg8 19. Qxc5 Bd4 20. Qg5 b6 21. Qg3 Be6 22. Rfe1 c5 23. Rbd1 Rad8 24. h4 Rd7 25. h5 g5 26. Ne4 Qxf4 27. Qb3 g4 28. Rd3 Rfd8 29. Red1 Qxe4 0-1

[Event "ESP-ch U16"]
[Site "Salobrena"]
[Date "2020.08.14"]
[Round "8"]
[White "Movsisyan, Tigran"]
[Black "Tabuenca Mendataurigoitia, Daniel"]
[Result "1/2-1/2"]
[WhiteElo "1691"]
[BlackElo "1865"]
[PlyCount "79"]
[EventDate "2020.08.10"]
[EventType "swiss"]
[EventRounds "9"]
[EventCountry "ESP"]
[SourceTitle "EXT 2021"]
[Source "ChessBase"]
[SourceDate "2020.10.23"]
[SourceVersion "1"]
[SourceVersionDate "2020.10.23"]
[SourceQuality "1"]

1. e4 c5 2. Nc3 Nc6 3. Bb5 Nd4 4. Nf3 a6 5. Bd3 g6 6. b3 Bg7 7. a4 e6 8. 0-0 Ne7 9. Re1 0-0 10. Bb2 d5 11. e5 Nec6 12. Nb1 Nxf3+ 13. Qxf3 f6 14. exf6 Bxf6 15. Bxf6 Rxf6 16. Qg3 e5 17. Nc3 Kg7 18. f3 Qd6 19. Re2 b6 20. Rae1 Bb7 21. Nd1 Re8 22. Nf2 Rfe6 23. Ng4 Kh8 24. Kh1 Qe7 25. c4 Nd4 26. Rxe5 Rxe5 27. Rxe5 Qf7 28. Bxg6 Qxg6 29. Rxe8+ Qxe8 30. Nf6 Qe6 31. Nh5 Nf5 32. Qb8+ Bc8 33. g4 Nh4 34. Qg3 Ng6 35. Nf4 Nxf4 36. Qxf4 dxc4 37. Qf8+ Qg8 38. Qf6+ Qg7 39. Qd8+ Qg8 40. Qf6+ 1/2-1/2

[Event "Valencia Region-ch Segunda"]
[Site "Valencia"]
[Date "2016.10.08"]
[Round "2"]
[White "Delgado Lereu, David"]
[Black "Movsisyan, Tigran"]
[Result "0-1"]
[WhiteElo "1610"]
[BlackElo "1403"]
[PlyCount "92"]
[EventDate "2016.10.01"]
[EventType "swiss"]
[EventRounds "7"]
[EventCountry "ESP"]
[SourceTitle "EXT 2024"]
[Source "ChessBase"]
[SourceDate "2023.10.10"]
[SourceVersion "1"]
[SourceVersionDate "2023.10.10"]
[SourceQuality "1"]

1. d4 d5 2. Nf3 Nf6 3. Bf4 Bf5 4. e3 e6 5. h3 c5 6. Nh4 Bg6 7. Nxg6 fxg6 8. c3 Be7 9. Be2 0-0 10. 0-0 Nbd7 11. Nd2 Kh8 12. Nf3 Ne4 13. Ne5 Nxe5 14. Bxe5 c4 15. Bf3 Ng5 16. Bg4 h5 17. Be2 Ne4 18. Rc1 Bf6 19. Bh2 Bg5 20. Qc2 Kh7 21. Bxc4 Nxf2 22. Bf4 Bxf4 23. exf4 Nxh3+ 24. gxh3 dxc4 25. Rce1 Rxf4 26. Rxf4 Qg5+ 27. Qg2 Qxf4 28. Rxe6 Qf5 29. Re5 Qb1+ 30. Kh2 Rf8 31. Re6 Rf1 32. Re5 Qc1 33. Re4 Rd1 34. Qf3 Rf1 35. Qg2 Rd1 36. Qf3 Rd2+ 37. Re2 Qxb2 38. Rxd2 Qxd2+ 39. Kg3 Qd3 40. d5 g5 41. Qxd3+ cxd3 42. Kf2 Kg6 43. c4 g4 44. hxg4 hxg4 45. Ke3 g3 46. d6 g2 0-1